Air crash detective; the quest for aviation safety (Record no. 293841)
[ view plain ]
| 000 -LEADER | |
|---|---|
| fixed length control field | 00282 a2200109 4500 |
| 001 - CONTROL NUMBER | |
| control field | 58768 |
| 082 ## - DEWEY DECIMAL CLASSIFICATION NUMBER | |
| Classification number | 629.13252 BAR |
| 090 ## - LOCALLY ASSIGNED LC-TYPE CALL NUMBER (OCLC); LOCAL CALL NUMBER (RLIN) | |
| -- | 36081 |
| -- | 36081 |
| 100 ## - MAIN ENTRY--PERSONAL NAME | |
| Personal name | Barlay, S. |
| 245 ## - TITLE STATEMENT | |
| Title | Air crash detective; the quest for aviation safety |
| 260 ## - PUBLICATION, DISTRIBUTION, ETC. | |
| Place of publication, distribution, etc. | London |
| Name of publisher, distributor, etc. | Hamis Hamilton |
| Date of publication, distribution, etc. | 1969 |
| 942 ## - ADDED ENTRY ELEMENTS (KOHA) | |
| Institution code [OBSOLETE] | NUST-CAE |
| Call number prefix | 629.13252 BAR |
| Withdrawn status | Lost status | Damaged status | Not for loan | Collection code | Permanent Location | Current Location | Date acquired | Total Checkouts | Full call number | Barcode | Date last seen | Price effective from | Koha item type |
|---|---|---|---|---|---|---|---|---|---|---|---|---|---|
| College of Aeronautical Engineering (CAE) | College of Aeronautical Engineering (CAE) | 04/03/2017 | 629.13252 BAR | CAE74223 | 04/05/2017 | 04/05/2017 | Book |
